000 00532nam a2200181Ia 4500
008 090123s9999 xx 000 0 und d
082 _b36829
_a891.463/राजे
100 _aराजे शैलजा
245 _aनिवृत्ति
250 _a0
260 _bमनोरमा प्रकाशन
_c2004
300 _a200
600 _aराजे शैलजा
630 _aनिवृत्ति
700 _aराजे शैलजा
730 _aनिवृत्ति
942 _cBOOK
999 _c74896
_d74896